000
00359nam a2200133Ia 4500
008
230411s9999 xx 000 0 und d
041
_a
eng
082
_a
AD/610.6/KAU/B07359
100
_a
Kaur Kamaljit
245
_a
Textbook of Nursing Management and Services
260
_b
Jaypee Brothers
_a
New Delhi
_c
2013
300
_a
360p
999
_c
157489
_d
157489